000 00294nam a22001217a 4500
008 181217b xxu||||| |||| 00| 0 eng d
041 _aeng
080 _22nd
_a574
100 _a9
101 _aMJE
245 _aHuman Poisoning from Native and Cultivated Plants
_cHardin,J.W
942 _2udc
_cBK
999 _c53193
_d53193